| 000 | 00881nam a22002177a 4500 | ||
|---|---|---|---|
| 005 | 20240530110554.0 | ||
| 008 | 160808s2013 ua k f b 000 0dara d | ||
| 017 |
_a2012/23606 _bليبيا . دار الكتب الوطنية |
||
| 020 | _a9789774921329 | ||
| 040 | _aEG-CaGPL | ||
| 082 | 0 | 4 |
_221 _a659.1905\ _bم م |
| 100 | 0 | _aمحمد جمال عبدالمقصود | |
| 245 | 1 | 2 |
_aالاتجاهات الحديثة فى انتاج الاعلان الصحفى المطبوع / _cتاليف محمد جمال عبدالمقصود |
| 250 | _aط. 1 | ||
| 260 |
_aالقاهرة : _bدار العالم العربى ، _c2013 . |
||
| 300 |
_a326 ص. : _bايض ؛ _c24 سم . |
||
| 490 | 0 | _aسلسلة اتجاهات حديثة فى الاعلام | |
| 504 | _aيشتمل على ارجاعات ببليوجرافية | ||
| 650 | 0 | 4 | _aالاعلان بالصحف |
| 942 |
_2ddc _cBK |
||
| 999 |
_c62531 _d62531 |
||